Statistieken voor Landen die beginnen met O

Klik hier om de quiz te nemen!

Algemene statistieken

  • Deze quiz is 1.021 keer genomen
  • De gemiddelde score is 4 van 6

Antwoordstatistieken

Land% Correct
Oostenrijk
82%
Oman
81%
Oezbekistan
73%
Oekraïne
66%
Oeganda
65%
Oost-Timor
64%

Scoreverdeling

Percentiel versus Aantal Correcte Antwoorden

Procent van Mensen met Elke Score

Uw Scoregeschiedenis

U heeft deze quiz nog niet genomen